| 000 | 00932nam a22002057a 4500 | ||
|---|---|---|---|
| 999 |
_c58436 _d58436 |
||
| 003 | Ge_BSU | ||
| 005 | 20220209101859.0 | ||
| 008 | 220209s2018 ge ||||| |||| 00| 0 geo d | ||
| 020 | _a9789941476174 | ||
| 041 | _ageo | ||
| 080 | _a070 ჭ-83 | ||
| 100 |
_aჭუმბურიძე, იოსებ _92955 |
||
| 245 |
_aანალიტიკური ჟურნალისტიკის საკითხები / _c იოსებ ჭუმბურიძე ; რედაქტორი ალექსანდრე მღებრიშვილი. |
||
| 264 |
_aთბილისი : _bინტელექტი, _c2018. |
||
| 300 |
_a36 გვ. ; _b20 სმ. |
||
| 504 | _aბიბლიოგრ.: გვ. 34. | ||
| 653 | _aჟურნალისტიკა | ||
| 700 |
_aმღებრიშვილი, ალექსანდრე _eრედაქტორი _913505 |
||
| 942 |
_2udc _cBK |
||